| 000 | 01261nam a22003497a 4500 | ||
|---|---|---|---|
| 001 | 6213 | ||
| 003 | FISKH | ||
| 005 | 20250331090453.0 | ||
| 008 | 250331b cb ||||| |||| 00| 0 eng d | ||
| 020 | _a9780061236075 | ||
| 040 |
_aDLC _cDLC _dIG# _dBAKER _dBTCTA _dUPZ _dP@N _dABG _dIH7 _dEHH _dVP@ _dDLC _beng |
||
| 050 | _aPZ7.O222 F | ||
| 082 | _a813.6 | ||
| 100 | 1 |
_aO'Connor, Jane _d(1947-) |
|
| 245 | 1 | 0 |
_aFancy Nancy at the museum / _cby Jane O'Connor ; cover illustration by Robin Preiss Glasser ; interior illustrations by Ted Enik. |
| 250 | _aThis edition first published in 2008 | ||
| 260 |
_aNew York : _bHarperCollins, _c2008. |
||
| 300 |
_a32 pages : _bcolor illustrations ; _c23 cm |
||
| 490 | 0 | _aI can read! Beginning reading 1 | |
| 505 | _aG | ||
| 520 | _aAlthough excited at the prospect of a fancy class trip to the art museum, the bumpy bus ride to get there leaves Nancy feeling anything but fancy. | ||
| 521 |
_a300
_bLexile |
||
| 521 |
_aG
_bRaz-Plus |
||
| 650 | 1 |
_aMuseums _vFiction. |
|
| 650 | 1 |
_aArt _vFiction. |
|
| 650 | 1 |
_aBuses _vFiction. |
|
| 650 | 1 |
_aTeachers _vFiction. |
|
| 700 | 1 |
_aPreiss-Glasser, Robin _eillustrator |
|
| 906 |
_a7 _bcbc _corignew _d1 _eecip _f20 _gy-gencatlg |
||
| 942 |
_2ddc _cBK _n0 |
||
| 999 |
_c6213 _d6213 |
||